02844cam a2200361 i 450000100190000000500170001900800410003601000170007702000270009402000150012102900220013603500410015803500240019904000760022304100110029904200080031005000260031810001030034424500530044726400350050030000230053552008750055852007500143354600150218365000330219865000220223165000480225365000360230165100290233794200080236695200930237499900150246799110733750340619620250828104920.0231205t20242024fr 001 0 fre  a 2023485307 a9782226487162q(other) a22264871661 aAU@b000076665395 a(OCoLC)1435485773z(OCoLC)1419440778 a(OCoLC)on1435485773 aDLCbengerdacDLCdOCLCOdAUXAMdTOHdC3LdHULdMCCPPdIG#dCUSdOCLCO aFrench apcc00aPQ2719.C438bY34 2024 aSchlesser, Thomas,eauthor.1https://id.oclc.org/worldcat/entity/E39PBJtH3MJHvBDdvw93VCcpT392583514aLes yeux de Mona b: roman c/ Thomas Schlesser. 1aParis :bAlbin Michel,c[2024] a484 pages ;c23 cm aCinquante-deux semaines: c'est le temps qu'il reste à Mona pour découvrir toute la beauté du monde. C'est le temps que s'est donné son grand-père, un homme érudit et fantasque, pour l'initier, chaque mercredi après l'école, à une úuvre d'art, avant qu'elle ne perde, peut-être pour toujours, l'usage de ses yeux. Ensemble, ils vont sillonner le Louvre, Orsay et Beaubourg. Ensemble, ils vont s'émerveiller, s'émouvoir, s'interroger, happés par le spectacle d'un tableau ou d'une sculpture. Empruntant les regards de Botticelli, Vermeer, Goya, Courbet, Claudel, Kahlo ou Basquiat, Mona découvre le pouvoir de l'art et apprend le don, le doute, la mélancolie ou la révolte, un précieux trésor que son grand-père souhaite inscrire en elle à jamais. Retrouvez les 52 chefs-d'úuvre à l'intérieur de la jaquette dépliable. aFifty-two weeks: that is the time Mona has left to discover all the beauty of the world. It is the time her grandfather—an erudite and whimsical man—has set himself to introduce her, every Wednesday after school, to a masterpiece of art, before she may lose, perhaps forever, the use of her eyes. Together, they wander through the Louvre, the Musée d’Orsay and the Centre Pompidou. Together, they marvel, feel moved, and question, swept away by the spectacle of a painting or a sculpture. Through the eyes of Botticelli, Vermeer, Goya, Courbet, Claudel, Kahlo or Basquiat, Mona discovers the power of art and learns of generosity, doubt, melancholy and rebellion—a precious treasure her grandfather longs to leave within her for ever. aIn French. 0a ArtxAppreciationvFiction. 0aMuseumsvFiction. 0aChildren with visual disabilitiesvFiction. 0aGrandparent and childvFiction. 0aParis (France)vFiction. 2lcc 00102lcc4070aTBSbTBSd2025-08-28l0oP-FR SCHpB07711r2025-08-28t1w2025-08-28y1 c4899d4899